Segona Escola d'Istiu de Barcelona : juliol-agost de 1915 : visites que es faran les tardes de la... juliol-agost de 1915 :
Descripción Física:
1 full ; 21 cm
MARC
| LEADER | 00000nam a2200000Ia 4500 | ||
|---|---|---|---|
| 001 | 15872, 15873, 15874, 15875 | ||
| 003 | BGR | ||
| 005 | 20260410113647.0 | ||
| 008 | 160829s1915?] xx 000 0 cat d | ||
| 080 | |a RF-13-9, RF-12-36, RF-12-37, RF-12-38 | ||
| 111 | |a Escola d'Estiu (Barcelona) |9 70796 |c (Barcelona : |d 1915?) | ||
| 245 | |a Segona Escola d'Istiu de Barcelona : |b juliol-agost de 1915 : |b visites que es faran les tardes de la... | ||
| 260 | |a [Barcelona : |b s.n., |c 1915?] | ||
| 300 | |a 1 full ; |c 21 cm | ||
| 590 | |a Hi ha un duplicat de la segona setmana: DUP-186-50, de la tercera setmana: DUP-186-50 i de la quarta setmana: DUP-186-52, que provenen de 2887, exp. 2. | ||
| 650 | |a Escola d'estiu (Barcelona) |x Activitats culturals |9 48508 | ||
| 650 | |a Activitats extraescolars |x Barcelona |9 25288 | ||
| 856 | 4 | |u https://media.diba.cat/diba/fitxers/arxiu/fulletons/bib_15875_1915_baixa.pdf |y Quarta setmana | |
| 856 | 4 | |u https://media.diba.cat/diba/fitxers/arxiu/fulletons/bib_15874_1915_baixa.pdf |y Tercera setmana | |
| 856 | 4 | |u https://media.diba.cat/diba/fitxers/arxiu/fulletons/bib_15873_1915_baixa.pdf |y Segona setmana | |
| 856 | 4 | |u https://media.diba.cat/diba/fitxers/arxiu/fulletons/bib_15872_1915_baixa.pdf |y Primera setmana | |
| 856 | 4 | |u https://media.diba.cat/diba/fitxers/arxiu/fulletons/bib_15875_1915_baixa.pdf |y Quarta setmana | |
| 856 | 4 | |u https://media.diba.cat/diba/fitxers/arxiu/fulletons/bib_15874_1915_baixa.pdf |y Tercera setmana | |
| 856 | 4 | |u https://media.diba.cat/diba/fitxers/arxiu/fulletons/bib_15873_1915_baixa.pdf |y Segona setmana | |
| 856 | 4 | |u https://media.diba.cat/diba/fitxers/arxiu/fulletons/bib_15872_1915_baixa.pdf |y Primera setmana | |
| 866 | |a Primera setmana; segona setmana; tercera setmana; quarta setmana | ||
| 900 | |a bib_15873_1915_baixa.pdf | ||
| 900 | |a bib_15874_1915_baixa.pdf | ||
| 900 | |a bib_15875_1915_baixa.pdf | ||
| 900 | |a bib_15872_1915_baixa.pdf | ||
| 901 | |a Arxiu | ||
| 942 | |n 1 |2 udc |c MON | ||
| 952 | |0 0 |1 0 |4 0 |6 RF139_RF1236_RF1237_RF1238 |7 1 |9 54609 |a Arxiu |b Arxiu |d 2016-12-01 |l 0 |o RF-13-9, RF-12-36, RF-12-37, RF-12-38 |p 15872, 15873, 15874, |r 2016-12-01 00:00:00 |w 2016-12-01 |y ARXIU | ||
| 999 | |c 58478 |d 58478 | ||